<?xml version="1.0" encoding="UTF-8"?>
<collection xmlns="http://www.loc.gov/MARC21/slim">
 <record>
  <leader>01118pamaa2200205   4500</leader>
  <controlfield tag="001">0000047464</controlfield>
  <controlfield tag="005">20130815090000.0</controlfield>
  <controlfield tag="008">100708                             eng  </controlfield>
  <datafield tag="020" ind1="0" ind2="0">
   <subfield code="a">9787532386345 </subfield>
  </datafield>
  <datafield tag="090" ind1="0" ind2="0">
   <subfield code="a">RM723.C5 </subfield>
   <subfield code="b">CHI 2006</subfield>
  </datafield>
  <datafield tag="240" ind1="3" ind2="0">
   <subfield code="a">Chinese-English illustrated tuina therapies for common diseases</subfield>
  </datafield>
  <datafield tag="245" ind1="1" ind2="0">
   <subfield code="a">Chinese-English illustrated tuina therapies for common diseases  </subfield>
   <subfield code="c">compiler-in-chief Jin Hongzhu ; vice-compilers-in-chief Gu Yihuang ... [et al.]; </subfield>
   <subfield code="f">translator-in-chief Ding Xiaohong ; vice-translators-in-chief Wu Yunchuan ... [et al.] = Han Ying dui zhao tui na zhi liao chang jian bing tu jie  </subfield>
   <subfield code="c">compiler-in-chief Jin Hongzhu ; vice-compilers-in-chief Gu Yihuang ... [et al.]  </subfield>
   <subfield code="c">zhu bian Jin Hongzhu ; fu zhu bian Gu Yihuang ... [et al.] ; zhu yi Ding Xiaohong ; fu zhu yi Wu Yunchuan ... [et al.}.</subfield>
  </datafield>
  <datafield tag="260" ind1="0" ind2="0">
   <subfield code="a">Shanghai: </subfield>
   <subfield code="b">Shanghai Scientific and Technical, </subfield>
   <subfield code="c">2006.</subfield>
  </datafield>
  <datafield tag="300" ind1=" " ind2=" ">
   <subfield code="a">2, 3, 8, 203 p.: </subfield>
   <subfield code="b">bill.; </subfield>
   <subfield code="c">27 cm.</subfield>
  </datafield>
  <datafield tag="500" ind1="0" ind2="0">
   <subfield code="a">In Chinese and English</subfield>
  </datafield>
  <datafield tag="501" ind1="0" ind2="0">
   <subfield code="a">FMHS</subfield>
  </datafield>
  <datafield tag="650" ind1="0" ind2="0">
   <subfield code="a">Medicine, Chinese </subfield>
  </datafield>
  <datafield tag="650" ind1="0" ind2="0">
   <subfield code="a">Massage therapy -- </subfield>
   <subfield code="z">China </subfield>
  </datafield>
  <datafield tag="700" ind1="1" ind2="1">
   <subfield code="a">Shao, </subfield>
   <subfield code="h">Shuijin </subfield>
  </datafield>
  <datafield tag="901" ind1=" " ind2=" ">
   <subfield code="u">www.sstp.cn</subfield>
  </datafield>
 </record>
</collection>
